Les chansons de Kaaris - Mort subite - Statistiques

Statistiques générales
  • Ce quiz a été pris 331 fois
  • Le résultat moyen est 7 sur 10
Answers on the Grid
Answers color-coded by a green-red scale on the quiz's grid according to % correct below.
Panama
Zoo
Tchoin
Arrêt du coeur
Kalash
Chargé
Gun salute
Se-vrak
Crystal
Château noir
Dolce Camara
Validée
Scarface
Costa Rica
Zoologique
Arrêt de bus
Château vert
Titulaires
Train de Vie
La C
 
Statistiques - réponses
Réponse % Correct
Tchoin
88%
Zoo
88%
Arrêt du coeur
81%
Se-vrak
80%
Gun salute
75%
Kalash
73%
Chargé
70%
Château noir
64%
Panama
58%
Crystal
53%
Aucun quiz correspondant
Distribution des résultats
% des personnes avec chaque résultat
Percentile par nombre de réponses
Votre historique - résultats
Vous n’avez pas pris ce quiz